Providing for the disposition of judgment funds on deposit to the credit of the Quechan Tribe of the Fort Yuma Reservation, Calif., in Indian Claims Commission docket numbered 319, and for other purposes.

Bibliographic Details
Corporate Authors: United States. Congress. House, ProQuest (Firm), United States. Congress. House. Committee on Interior and Insular Affairs
Format: eBook
Language:English
Published: Washington : [publisher not identified], 1968.
Series:United States congressional serial set.
Subjects:
Online Access:Connect to the full text of this electronic book

MARC

Tag First Indicator Second Indicator Subfields
LEADER 00000cam a22000001a 4500
001 in00003155331
005 20190403200449.0
006 m o d
007 cr un mmmapmmp
008 080628s1968 dcud o f000 0 eng d
035 |a cis2004281265 
040 |a UMI  |c UMI  |d UtOrBLW 
043 |a n-us--- 
099 |a ProQuest Serial Set Number 12795-6 H.rp.1883 
110 1 |a United States.  |b Congress.  |b House. 
245 1 0 |a Providing for the disposition of judgment funds on deposit to the credit of the Quechan Tribe of the Fort Yuma Reservation, Calif., in Indian Claims Commission docket numbered 319, and for other purposes. 
246 1 |a Funds to credit of Quechan Tribe, Fort Yuma Reservation, California, Indian Claims Commission docket 319 
264 1 |a Washington :  |b [publisher not identified],  |c 1968. 
300 |a 1 online resource. 
336 |a text  |b txt  |2 rdacontent 
337 |a computer  |b c  |2 rdamedia 
338 |a online resource  |b cr  |2 rdacarrier 
490 0 |a H.rp.1883 
500 |a Record is based on bibliographic data in ProQuest U.S. Serial Set Digital Collection (last viewed June 2008). Reuse except for individual research requires license from ProQuest, LLC. 
510 3 |a ProQuest U.S. Serial Set Digital Collection 
500 |a Electronic resource. 
610 1 0 |a United States.  |b Indian Claims Commission. 
650 0 |a Tribal trust funds. 
651 0 |a California. 
655 7 |a Electronic books.  |2 local 
710 2 |a ProQuest (Firm) 
710 1 |a United States.  |b Congress.  |b House.  |b Committee on Interior and Insular Affairs. 
830 0 |a United States congressional serial set. 
856 4 0 |u http://proxy.library.tamu.edu/login?url=http://congressional.proquest.com/congcomp/getdoc?SERIAL-SET-ID=12795-6+H.rp.1883  |z Connect to the full text of this electronic book  |t 0 
999 |a MARS 
999 f f |s 3360f960-ae97-38ba-8547-af5e94967c88  |i deeafbe7-296a-3d13-a299-79539e9f01cf  |t 0 
952 f f |a Texas A&M University  |b College Station  |c Electronic Resources  |d Available Online  |t 0  |e ProQuest Serial Set Number 12795-6 H.rp.1883  |h Other scheme 
998 f f |a ProQuest Serial Set Number 12795-6 H.rp.1883  |t 0  |l Available Online